| 000 | 00433ntaaa2200169 4500 | ||
|---|---|---|---|
| 003 | 01 | ||
| 005 | 20251027201645.0 | ||
| 008 | 0714s1973 ag 01 | ||
| 040 |
_aAR-BaBN _bspa _cAR-BaBN _eaacr _dRIC |
||
| 082 | _a232.5000 R31 | ||
| 245 | _aLa resurrección de Jesucristo | ||
| 250 | _a1 ed. | ||
| 260 |
_aEl Paso : _bCasa Bautista de Publicaciones, _c1973 |
||
| 300 | _a32 p | ||
| 650 |
_aJesucristo-resurrección _95873 |
||
| 942 | _cBK | ||
| 999 |
_c11306 _d11306 |
||